Teorie a praxe hospodářské politiky
Salvato in:
| Autore principale: | |
|---|---|
| Natura: | Libro |
| Lingua: | ceco |
| Pubblicazione: |
Praha
Horizont
1973
|
| Serie: | Na pomoc národnímu hospodářství
|
| Tags: |
Nessun Tag, puoi essere il primo ad aggiungerne!!
|
MARC
| LEADER | 00000nam a2200000 4500 | ||
|---|---|---|---|
| 001 | c121287 | ||
| 005 | 20041019155222.0 | ||
| 041 | 0 | |a cze | |
| 044 | |a CZ | ||
| 245 | 1 | 0 | |a Teorie a praxe hospodářské politiky |c Jiří Janda |
| 264 | 1 | |a Praha |b Horizont |c 1973 | |
| 300 | |a 51 s. | ||
| 490 | 1 | |a Na pomoc národnímu hospodářství | |
| 830 | 0 | |a Na pomoc národnímu hospodářství | |
| 100 | 1 | |a Janda, Jiří | |